000 01130naa a22002777a 4500
001 BR9404198
003 BR-BrBNA
005 20240918181227.0
007 ta
008 230509b bl.||||| |||| 00| 0 por d
040 _aBR-BrBNA
_bpor
_cBiblioteca Nacional de Agricultura
041 _a(En)
072 _aH01
_b4020
090 _aH01 BR9404198
100 1 _aCiesla, W.M.
111 1 _aConferencia Regional da Vespa da Madeira, Sirex noctilio, na America do Sul
_c23-27 Nov 1992
_dFlorianopolis, SC (Brazil)
245 1 _aImportance of networkes and cooperation for managing forest pests of regional importance
260 3 _aColombo, PR (Brasil):
_c1993.
500 _aAnais da Conferencia Regional da Vespa da Madeira, Sirex noctilio, na America do Sul Colombo, PR (Brasil): 1993. p. 263-272 (BR9404198-AM)H01
650 _aVespa-da-Madeira
650 _aManejo
650 _aInspecao Sanitaria
773 0 _tAnais da Conferencia Regional da Vespa da Madeira, Sirex noctilio, na America do Sul
_wH01 BR9404198
_gColombo, PR (Brasil), 1993. p. 263-272
909 _a202404
_bLucia
_c55
_dLucia Elande
942 _cAM
_2AGRIS
999 _c324227
_d324227